[Event "Fremont Weibel tt"]
[Site "Fremont"]
[Date "2006.01.20"]
[Round "?"]
[White "Narayan, Akshay"]
[Black "Kumar, Aditya"]
[Result "1-0"]
[WhiteElo "992"]
[BlackElo "1021"]
[PlyCount "58"]
[EventDate "2006.01.06"]
[EventType "team"]
[EventRounds "5"]
[EventCountry "USA"]
[SourceTitle "EXT 2009"]
[Source "ChessBase"]
[SourceDate "2008.11.26"]
[SourceVersion "1"]
[SourceVersionDate "2008.11.26"]
[SourceQuality "1"]

1. e4 e5 2. d4 f6 3. Nf3 d6 4. Be3 b6 5. Bd3 c5 6. dxc5 bxc5 7. Bb5+ Bd7 8. Nc3 Bxb5 9. Nxb5 Qa5+ 10. Bd2 Qxb5 11. b3 Qc6 12. Qe2 Qa6 13. c4 Nc6 14. 0-0 Nd4 15. Nxd4 cxd4 16. Qg4 Qc8 17. Qh5+ g6 18. Qh4 Ne7 19. Bh6 Bxh6 20. Qxh6 Qg4 21. Qg7 Rf8 22. Qxh7 Qxe4 23. Rae1 Qc2 24. Ra1 e4 25. Qh3 Qc3 26. Qe6 f5 27. Qxd6 Rd8 28. Qf4 d3 29. Rac1 Qd4 1-0